Ultimate MrBeast Quiz - Statistics

General Stats
  • This quiz has been taken 749 times
  • The average score is 13 of 20
Answer Stats
Question Answer % Correct
What is MrBeast’s first name? Jimmy
99%
Which one of his friends won an island from him? Chandler
88%
Which one of his friends is in the most videos and has known him for the longest? Chris
84%
Which one of his friends has his own menu item that is a grilled cheese sandwich? Karl
84%
What percentage of the earnings from the Beast Philanthropy channel go towards his charity? 100
82%
How much money is he known for giving away at a time? $10,000
77%
What the most common game played on MrBeast Gaming? Minecraft
76%
What state does he live in? North Carolina
76%
What number has he counted to? 100,000
71%
“Subscribe for a ______” Cookie
71%
What famous Minecraft speedrunner appears in many MrBeast Gaming videos and even got his own menu item? Dream
71%
What’s the name of his brother’s channel? MrBro
67%
What YouTuber is his inspiration? PewDiePie
66%
What food is his fast food chain famous for? Burgers
63%
What number originally followed “MrBeast” in his channel name? 6000
62%
Which one of his friends left the channel in 2020? Jake
57%
What is the name of his lead cameraman? Tareq
49%
What animal appears in his logo? Panther
34%
What has he famously read entirely? The Dictionary
34%
When did he reach 50 million subscribers on his main channel? (Month and year) January 2021
19%
No matching quizzes found
Score Distribution
Percent of People with Each Score
Percentile by Number Answered
Your Score History
You have not taken this quiz